[Event "NOR-chT Eliteserien 2018-19"]
[Site "Norway"]
[Date "2019.01.12"]
[Round "5"]
[White "Lahlum, Hans Olav"]
[Black "Mikalsen, Harald"]
[Result "0-1"]
[WhiteElo "2122"]
[BlackElo "2006"]
[Annotator "NA"]
[PlyCount "118"]
[EventDate "2018.11.02"]
[EventType "team-tourn"]
[EventCountry "NOR"]
[SourceTitle "playchess.com"]
[Source "ChessBase"]
[SourceQuality "1"]
[TimeControl "40/5400+30:1800+30"]

1. d4 {[%emt 0:00:00]} Nf6 {[%emt 0:00:00]} 2. c4 {[%emt 0:00:00]} e6 {[%emt 0:00:00]} 3. Nc3 {[%emt 0:00:00]} Bb4 {[%emt 0:01:00]} 4. Qc2 {[%emt 0:00:00]} c5 {[%emt 0:04:00]} 5. dxc5 {[%emt 0:00:00]} Qa5 {[%emt 0:03:57]} 6. Bd2 {[%emt 0:00:28]} Nc6 {[%emt 0:01:11]} 7. e3 {[%emt 0:03:30]} Qxc5 {[%emt 0:10:04]} 8. a3 {[%emt 0:03:15]} Bxc3 {[%emt 0:02:52]} 9. Bxc3 {[%emt 0:00:16]} a5 {[%emt 0:00:20]} 10. b3 {[%emt 0:03:51]} b6 {[%emt 0:01:38]} 11. Nf3 {[%emt 0:02:32]} Ba6 {[%emt 0:09:45]} 12. Qb2 {[%emt 0:08:25]} Qe7 {[%emt 0:18:22]} 13. b4 {[%emt 0:13:30]} Bc8 {[%emt 0:04:48]} 14. Rb1 {[%emt 0:06:39]} O-O {[%emt 0:04:08]} 15. Bd3 {[%emt 0:01:25]} d6 {[%emt 0:05:42]} 16. O-O {[%emt 0:04:32]} e5 {[%emt 0:07:28]} 17. Nd2 {[%emt 0:04:14]} Ng4 {[%emt 0:04:16]} 18. Be4 {[%emt 0:07:51]} axb4 {[%emt 0:05:12]} 19. axb4 {[%emt 0:01:19]} Bb7 {[%emt 0:01:21]} 20. Ra1 {[%emt 0:04:54]} Qc7 {[%emt 0:06:17]} 21. Bf3 {[%emt 0:04:47]} Nh6 {[%emt 0:01:03]} 22. Rxa8 {[%emt 0:01:36]} Rxa8 {[%emt 0:00:12]} 23. Rd1 {[%emt 0:00:11]} Ne7 {[%emt 0:02:18]} 24. Bxb7 {[%emt 0:11:34]} Qxb7 {[%emt 0:00:07]} 25. Nf3 {[%emt 0:00:12]} Qc7 {[%emt 0:01:16]} 26. h3 {[%emt 0:05:39]} f6 {[%emt 0:00:17]} 27. Qb3 {[%emt 0:00:35]} Nf7 {[%emt 0:00:09]} 28. Nd2 {[%emt 0:00:55]} Rc8 {[%emt 0:00:50]} 29. Bb2 {[%emt 0:00:36]} g6 {[%emt 0:00:39]} 30. b5 {[%emt 0:00:26]} Kg7 {[%emt 0:00:47]} 31. Ba3 {[%emt 0:01:00]} Nf5 {[%emt 0:00:20]} 32. Rc1 {[%emt 0:03:21]} Qb7 {[%emt 0:00:23]} 33. Qd3 {[%emt 0:00:25]} Rd8 {[%emt 0:01:23]} 34. Qb3 {[%emt 0:03:16]} Ng5 {[%emt 0:01:01]} 35. Qc3 {[%emt 0:01:33]} Nh4 {[%emt 0:00:40]} 36. f3 {[%emt 0:00:34]} Nf5 {[%emt 0:00:45]} 37. Kf2 {[%emt 0:01:13]} h5 {[%emt 0:01:00]} 38. Nf1 {[%emt 0:01:20]} Ne6 {[%emt 0:01:45]} 39. Nd2 {[%emt 0:01:51]} Ng5 {[%emt 0:00:20]} 40. Nf1 {[%emt 0:00:26]} h4 {[%emt 0:01:08]} 41. Nd2 {[%emt 0:03:47]} d5 {[%emt 0:07:09]} 42. c5 {[%emt 0:04:10]} d4 {[%emt 0:02:01]} 43. exd4 {[%emt 0:00:39]} exd4 {[%emt 0:00:06]} 44. Qb4 {[%emt 0:06:07]} Qe7 {[%emt 0:06:57]} 45. Re1 {[%emt 0:04:02]} Qe3+ {[%emt 0:02:52]} 46. Rxe3 {[%emt 0:01:08]} dxe3+ {[%emt 0:00:08]} 47. Ke1 {[%emt 0:03:52]} exd2+ {[%emt 0:00:20]} 48. Qxd2 {[%emt 0:00:16]} Rxd2 {[%emt 0:00:08]} 49. Kxd2 {[%emt 0:00:17]} bxc5 {[%emt 0:03:48]} 50. b6 {[%emt 0:02:15]} Nd6 {[%emt 0:00:57]} 51. Bxc5 {[%emt 0:00:34]} Nge4+ {[%emt 0:01:31]} 52. fxe4 {[%emt 0:00:07]} Nxe4+ {[%emt 0:00:01]} 53. Ke3 {[%emt 0:00:28]} Nxc5 {[%emt 0:00:08]} 54. Kd4 {[%emt 0:00:07]} Nd7 {[%emt 0:02:00]} 55. b7 {[%emt 0:00:05]} Kf7 {[%emt 0:00:11]} 56. Kd5 {[%emt 0:00:13]} Ke7 {[%emt 0:00:14]} 57. Kc6 {[%emt 0:00:07]} Ke6 {[%emt 0:00:35]} 58. Kc7 {[%emt 0:00:20]} g5 {[%emt 0:00:14]} 59. Kc6 {[%emt 0:00:17]} f5 {[%emt 0:00:12]} 0-1

[Event "NOR-chT Eliteserien 2018-19"]
[Site "Norway"]
[Date "2019.01.12"]
[Round "5"]
[White "Soderstrom, Adrian"]
[Black "Hammerstad, Asmund"]
[Result "0-1"]
[WhiteElo "2118"]
[BlackElo "2205"]
[Annotator "NA"]
[PlyCount "80"]
[EventDate "2018.11.02"]
[EventType "team-tourn"]
[EventCountry "NOR"]
[SourceTitle "playchess.com"]
[Source "ChessBase"]
[SourceQuality "1"]
[TimeControl "40/5400+30:1800+30"]

1. c4 {[%emt 0:00:00]} f5 {[%emt 0:00:00]} 2. g3 {[%emt 0:00:00]} Nf6 {[%emt 0:00:56]} 3. Bg2 {[%emt 0:00:01]} e5 {[%emt 0:01:19]} 4. Nc3 {[%emt 0:02:14]} Be7 {[%emt 0:01:19]} 5. e3 {[%emt 0:00:32]} O-O {[%emt 0:00:25]} 6. Nge2 {[%emt 0:00:20]} d6 {[%emt 0:01:34]} 7. d3 {[%emt 0:00:57]} c6 {[%emt 0:00:27]} 8. f4 {[%emt 0:04:59]} Be6 {[%emt 0:00:49]} 9. b3 {[%emt 0:11:16]} Nbd7 {[%emt 0:01:07]} 10. d4 {[%emt 0:02:20]} e4 {[%emt 0:01:31]} 11. Bd2 {[%emt 0:13:45]} a5 {[%emt 0:07:26]} 12. Rc1 {[%emt 0:08:33]} Qb8 {[%emt 0:07:21]} 13. O-O {[%emt 0:07:36]} g6 {[%emt 0:02:19]} 14. Qc2 {[%emt 0:07:09]} Rc8 {[%emt 0:01:16]} 15. a3 {[%emt 0:03:49]} b5 {[%emt 0:01:57]} 16. d5 {[%emt 0:03:14]} cxd5 {[%emt 0:00:40]} 17. cxb5 {[%emt 0:01:43]} Nc5 {[%emt 0:05:42]} 18. Nd4 {[%emt 0:01:59]} Bd7 {[%emt 0:02:07]} 19. Rfd1 {[%emt 0:03:04]} Ne6 {[%emt 0:05:42]} 20. Nxe6 {[%emt 0:02:34]} Bxe6 {[%emt 0:00:09]} 21. Qb2 {[%emt 0:01:28]} Nd7 {[%emt 0:00:33]} 22. Bf1 {[%emt 0:04:51]} Bf6 {[%emt 0:03:51]} 23. Be1 {[%emt 0:01:43]} Qa7 {[%emt 0:08:14]} 24. Qd2 {[%emt 0:02:08]} d4 {[%emt 0:00:36]} 25. exd4 {[%emt 0:03:12]} Bxb3 {[%emt 0:00:44]} 26. b6 {[%emt 0:01:01]} Nxb6 {[%emt 0:08:32]} 27. Nb5 {[%emt 0:00:20]} Qd7 {[%emt 0:00:48]} 28. Rxc8+ {[%emt 0:00:40]} Rxc8 {[%emt 0:00:31]} 29. Rb1 {[%emt 0:00:39]} a4 {[%emt 0:02:52]} 30. Qb4 {[%emt 0:00:36]} d5 {[%emt 0:01:11]} 31. Bc3 {[%emt 0:01:36]} Nc4 {[%emt 0:02:10]} 32. Rxb3 {[%emt 0:02:37]} axb3 {[%emt 0:00:14]} 33. Qxb3 {[%emt 0:00:05]} g5 {[%emt 0:05:03]} 34. Be1 {[%emt 0:02:54]} Kh8 {[%emt 0:01:56]} 35. Kh1 {[%emt 0:01:00]} gxf4 {[%emt 0:04:32]} 36. gxf4 {[%emt 0:00:04]} e3 {[%emt 0:02:37]} 37. a4 {[%emt 0:02:29]} Qe6 {[%emt 0:08:00]} 38. Bg2 {[%emt 0:03:13]} Nd2 {[%emt 0:04:19]} 39. Qb2 {[%emt 0:01:35]} Qc6 {[%emt 0:01:27]} 40. Bxd2 {[%emt 0:01:11]} exd2 {[%emt 0:00:11]} 0-1

[Event "NOR-chT Eliteserien 2018-19"]
[Site "Norway"]
[Date "2019.01.12"]
[Round "5"]
[White "Machlik, Edit"]
[Black "Lie, Kjetil A."]
[Result "0-1"]
[WhiteElo "2112"]
[BlackElo "2539"]
[Annotator "ChessBase"]
[PlyCount "108"]
[EventDate "2018.11.02"]
[EventType "team-tourn"]
[EventCountry "NOR"]
[SourceTitle "playchess.com"]
[Source "ChessBase"]
[SourceQuality "1"]
[TimeControl "40/5400+30:1800+30"]

1. d4 {[%emt 0:00:00]} d6 {[%emt 0:00:08]} 2. c4 {[%emt 0:00:00]} e5 {[%emt 0:00:27]} 3. Nf3 {[%emt 0:00:03]} e4 {[%emt 0:00:22]} 4. Ng5 {[%emt 0:00:07]} f5 {[%emt 0:00:27]} 5. Nc3 {[%emt 0:00:54]} Be7 {[%emt 0:00:41]} 6. Nh3 {[%emt 0:00:09]} Nf6 {[%emt 0:01:34]} 7. g3 {[%emt 0:00:37]} c6 {[%emt 0:00:25]} 8. d5 {[%emt 0:01:08]} Nbd7 {[%emt 0:00:50]} 9. Bg2 {[%emt 0:01:39]} Nb6 {[%emt 0:00:25]} 10. Qb3 {[%emt 0:01:06]} Nfd7 {[%emt 0:02:20]} 11. O-O {[%emt 0:05:13]} Ne5 {[%emt 0:06:53]} 12. f3 {[%emt 0:01:41]} exf3 {[%emt 0:01:24]} 13. exf3 {[%emt 0:00:06]} Nexc4 {[%emt 0:19:37]} 14. Re1 {[%emt 0:02:31]} O-O {[%emt 0:12:18]} 15. Bf1 {[%emt 0:04:26]} Na5 {[%emt 0:19:58]} 16. Qb4 {[%emt 0:01:56]} Nxd5 {[%emt 0:00:10]} 17. Nxd5 {[%emt 0:00:28]} cxd5 {[%emt 0:00:04]} 18. Nf4 {[%emt 0:02:49]} Nc6 {[%emt 0:01:20]} 19. Qb3 {[%emt 0:00:07]} Kh8 {[%emt 0:00:52]} 20. Nxd5 {[%emt 0:05:29]} Bf6 {[%emt 0:02:24]} 21. Nxf6 {[%emt 0:22:26]} Qxf6 {[%emt 0:00:07]} 22. Bf4 {[%emt 0:00:55]} Ne5 {[%emt 0:04:10]} 23. Rad1 {[%emt 0:04:32]} Be6 {[%emt 0:05:40]} 24. Qe3 {[%emt 0:07:46]} Bf7 {[%emt 0:05:19]} 25. b3 {[%emt 0:14:46]} Rfe8 {[%emt 0:02:23]} 26. Bg2 {[%emt 0:04:19]} Bh5 {[%emt 0:06:10]} 27. Qf2 {[%emt 0:02:42]} Re6 {[%emt 0:00:24]} 28. Rxd6 {[%emt 0:07:24]} Rxd6 {[%emt 0:01:02]} 29. Bxe5 {[%emt 0:00:09]} Qg6 {[%emt 0:01:05]} 30. Bxd6 {[%emt 0:00:06]} Qxd6 {[%emt 0:00:04]} 31. f4 {[%emt 0:04:04]} Qb4 {[%emt 0:00:11]} 32. Qe3 {[%emt 0:02:52]} h6 {[%emt 0:00:23]} 33. Rc1 {[%emt 0:01:44]} Re8 {[%emt 0:00:38]} 34. Qc3 {[%emt 0:01:20]} Qb6+ {[%emt 0:01:03]} 35. Kh1 {[%emt 0:00:03]} Qf2 {[%emt 0:00:49]} 36. a4 {[%emt 0:01:45]} Re2 {[%emt 0:00:40]} 37. Rg1 {[%emt 0:00:20]} Kh7 {[%emt 0:02:06]} 38. a5 {[%emt 0:00:43]} Bg4 {[%emt 0:01:25]} 39. b4 {[%emt 0:00:31]} b6 {[%emt 0:01:35]} 40. axb6 {[%emt 0:00:28]} axb6 {[%emt 0:00:10]} 41. b5 {[%emt 0:08:58]} Rb2 {[%emt 0:08:09]} 42. Qd3 {[%emt 0:01:45]} Bh3 {[%emt 0:04:59]} 43. Qd5 {[%emt 0:06:00]} Qc2 {[%emt 0:03:25]} 44. Qc6 {[%emt 0:03:35]} Qe2 {[%emt 0:00:17]} 45. Qb7 {[%emt 0:01:53]} Bxg2+ {[%emt 0:00:53]} 46. Rxg2 {[%emt 0:01:16]} Qxb5 {[%emt 0:00:20]} 47. Qf3 {[%emt 0:02:57]} Rb3 {[%emt 0:00:32]} 48. Qb7 {[%emt 0:02:17]} Rb1+ {[%emt 0:00:22]} 49. Rg1 {[%emt 0:00:07]} Rb2 {[%emt 0:00:49]} 50. Qf3 {[%emt 0:00:34]} Qc4 {[%emt 0:01:24]} 51. g4 {[%emt 0:02:33]} Qc2 {[%emt 0:00:11]} 52. Rg2 {[%emt 0:00:59]} Qxg2+ {[%emt 0:00:09]} 53. Qxg2 {[%emt 0:00:05]} Rb1+ {[%emt 0:00:15]} 54. Qg1 {[%emt 0:00:06]} Rxg1+ {[%emt 0:00:05]} 0-1

[Event "NOR-chT Eliteserien 2018-19"]
[Site "Norway"]
[Date "2019.01.13"]
[Round "6"]
[White "Tari, Aryan"]
[Black "Hobber, Anders"]
[Result "1/2-1/2"]
[WhiteElo "2625"]
[BlackElo "2310"]
[Annotator "TA"]
[PlyCount "69"]
[EventDate "2018.11.02"]
[EventType "team-tourn"]
[EventCountry "NOR"]
[SourceTitle "playchess.com"]
[Source "ChessBase"]
[SourceQuality "1"]

{[%evp 18,69,14,10,20,10,27,20,47,23,36,25,41,38,49,53,52,57,45,47,40,43,44,46,59,43,77,43,56,-3,-16,-55,12,-57,-54,-110,-125,-147,-132,-118,-112,-104,-62,-73,-62,-97,-70,-75,-26,-71,-52,-145,-195,-197]} 1. e4 e6 2. d4 d5 3. Nc3 Nf6 4. e5 Nfd7 5. f4 c5 6. Nf3 Nc6 7. Be3 Be7 8. Qd2 b6 {C11: French: Classical System: 4 e5 and 4 Bg5 dxe4} 9. Nd1 (9. Bb5 Bb7 10. O-O a6 11. Bxc6 Bxc6 12. Nd1 Qc7 13. Nf2 O-O-O 14. a4 Kb8 15. b3 Bb7 16. Nd3 {1-0 (60) Aronian,L (2767)-Caruana,F (2822) chess.com INT 2018}) 9... O-O 10. c3 {[%cal Bc2c3,Bc3d4][%mdl 32] LiveBook: 6 Games} Bb7 {The position is equal.} 11. Bd3 f5 $146 ({Predecessor:} 11... cxd4 12. cxd4 f5 13. h4 Bb4 14. Nc3 {½-½ (34) Pijpers,A (2453)-Nevednichy,V (2542) Batumi 2018}) 12. O-O a5 13. Rc1 a4 14. Bf2 cxd4 15. cxd4 Nb4 16. Bb5 Nxa2 17. Ra1 Nb4 18. Ng5 Bxg5 $1 19. fxg5 Nc6 {[%cal Bb4c6,Bc6a5,Ba5c4][%mdl 32]} 20. Nc3 Na5 {White should prevent ...Nb3.} 21. Rxa4 Rc8 22. Bd3 Nc4 23. Qc1 (23. Qe2 $14) 23... b5 $11 24. Rb4 Bc6 (24... Ba6 $1 $15 25. Rb3 Ra8) 25. Be1 ({White should try} 25. Ne2 $11) 25... Qb6 $36 {[%mdl 2048] Black has some pressure.} 26. Bxc4 (26. Qf4 $1 $15) 26... dxc4 $17 27. Qf4 Qb7 28. b3 cxb3 29. Qf2 Qa6 30. Rxb3 Nb6 31. Qe2 {[%cal Rc3b5]} Nc4 32. Bf2 f4 {...Bxg2! is the strong threat.} 33. Qd3 Qb7 34. Rfb1 (34. Re1 $15) 34... Bxg2 35. Rxb5 {Accuracy: White = 44%, Black = 32%.} 1/2-1/2

[Event "NOR-chT Eliteserien 2018-19"]
[Site "Norway"]
[Date "2019.01.13"]
[Round "6"]
[White "Lie, Kjetil A."]
[Black "Skrondal, Inge Sandstad"]
[Result "1/2-1/2"]
[WhiteElo "2539"]
[BlackElo "2281"]
[Annotator "TA"]
[PlyCount "161"]
[EventDate "2018.11.02"]
[EventType "team-tourn"]
[EventCountry "NOR"]
[SourceTitle "playchess.com"]
[Source "ChessBase"]
[SourceQuality "1"]

{[%evp 11,161,2,13,0,10,21,9,4,20,7,29,29,29,4,11,0,6,0,0,0,0,0,0,0,0,0,0,0,4,3,0,0,4,-33,-19,-72,-9,-104,-61,-124,-12,-59,-25,-34,21,-6,41,39,31,39,32,35,85,84,85,77,66,77,77,67,106,85,84,73,79,52,59,52,56,50,50,50,73,73,86,73,86,58,58,58,65,65,65,24,65,65,65,65,65,65,65,65,65,0,65,57,90,24,24,18,18,18,24,0,24,18,58,0,84,84,84,18,18,18,18,18,84,84,84,84,84,84,84,84,84,84,84,84,84,84,84,84,84,84,84,84,84,84,84,84,84,84,84,84,84,84,84,84,84,0,84,0]} 1. d4 d5 2. Bf4 Nf6 3. e3 e6 4. Nf3 Bd6 5. Bd3 O-O 6. Nbd2 {D02: 1 d4 d5 2 Nf3 sidelines, including 2...Nf6 3 g3 and 2...Nf6 3 Bf4} b6 {LiveBook: 3 Games} (6... c5 7. c3 Nc6 8. Bg3 b6 9. e4 Be7 10. e5 Nh5 11. Nf1 cxd4 12. Nxd4 Nxd4 13. cxd4 g6 14. Ne3 f5 15. exf6 Bxf6 16. Be2 Nxg3 17. hxg3 {½-½ (37) Nakamura,H (2787)-Svidler,P (2760) Moscow 2018}) 7. Ne5 Ba6 8. Bxa6 {The position is equal.} Nxa6 9. Bg5 $146 ({Predecessor:} 9. O-O Bxe5 10. Bxe5 c5 11. c3 Nb8 12. g4 Nc6 13. Bg3 Nd7 14. Qa4 {0-1 (37) Bru Company,F (1889)-Rico Ripoll,A (1913) Valencia 2011}) 9... Nb8 10. c4 h6 11. Bh4 c5 12. O-O cxd4 13. exd4 Be7 14. Qf3 Qd6 15. Bxf6 Bxf6 16. cxd5 exd5 17. Ndc4 dxc4 18. Qxa8 Qxd4 19. Nf3 $1 {[%cal Rf3d4]} Qd7 20. Rad1 Qc7 21. Qe4 Bxb2 22. Rb1 Bf6 23. Rfc1 (23. Nd4 $11) 23... Rc8 (23... c3 $17) 24. a4 (24. Nd4 $11) 24... Nd7 25. h3 (25. a5 $1 $15) 25... Nf8 ({Black should play} 25... c3 $17 26. a5 Rd8) 26. Nd4 {[%cal Bf3d4,Bd4b5,Bb5a3,Ba3c4][%mdl 32]} Qd7 27. Nb5 a6 (27... c3 $1 $15) 28. Na3 Qxa4 29. Rxc4 Rxc4 30. Nxc4 b5 31. Nd6 Qxe4 32. Nxe4 $14 {[%mdl 4096] Endgame KRN-KBN} Bd4 33. Nd2 Ne6 34. Nb3 $1 Bc3 35. Rc1 Nd4 36. Nxd4 Bxd4 $16 {KR-KB} 37. Rc8+ Kh7 38. Ra8 b4 {[#] ...b3 is the strong threat.} 39. Rxa6 b3 {( -> ...b2)} 40. Ra5 b2 41. Rb5 g6 42. Kf1 h5 43. Ke2 Kg7 44. g4 hxg4 45. hxg4 Kf8 46. Rb7 Ke8 47. Kd3 Bf6 48. f4 Bg7 49. Ke4 Bc3 50. Kd5 Kf8 51. Rb8+ Ke7 52. Rb7+ Kf8 $1 53. Kd6 {Hoping for Kd5.} Bf6 54. Kd7 ({Better is} 54. Rb8+ $16 Kg7 55. Kd5) 54... Bc3 55. Rb8+ Kg7 56. Ke8 Bd4 57. Rb7 Kg8 58. Ke7 {Black must now prevent Kd6.} Kg7 59. f5 (59. Kd6 $14) 59... g5 (59... Bc3 $11 {keeps the balance.}) 60. Ke8 Kg8 {[#]} 61. Rb3 (61. Kd7 $1 $16) 61... Kg7 62. Kd7 {Threatens to win with Kd6.} Be5 63. Kc6 {And now Rb7 would win.} Bd4 (63... Kf8 $11) 64. Kd5 Bf6 65. Ke4 Kg8 66. Kd3 Kg7 67. Kc2 Be5 68. Rb7 Bd4 69. Rd7 Be5 70. Rd5 Bf6 71. Rb5 Bd4 72. Rb4 Be5 73. Rc4 Bf6 74. Re4 Kg8 75. Kb1 Kg7 76. Re2 Bd4 77. Kc2 Bf6 78. Re8 Bd4 79. Re4 Bf6 80. Rb4 Be5 81. Rb5 {Accuracy: White = 46%, Black = 47%.} (81. Rb6 $16) 1/2-1/2

[Event "NOR-chT Eliteserien 2018-19"]
[Site "Norway"]
[Date "2019.01.13"]
[Round "6"]
[White "Stojanovic, Mihajlo"]
[Black "Urkedal, Frode Olav Olsen"]
[Result "1/2-1/2"]
[WhiteElo "2508"]
[BlackElo "2512"]
[Annotator "TA"]
[PlyCount "46"]
[EventDate "2018.11.02"]
[EventType "team-tourn"]
[EventCountry "NOR"]
[SourceTitle "playchess.com"]
[Source "ChessBase"]
[SourceQuality "1"]

{[%evp 20,21,8,3]} 1. Nf3 Nf6 2. c4 e6 3. Nc3 d5 4. d4 Be7 5. Bg5 h6 6. Bxf6 Bxf6 7. e3 O-O 8. Rc1 c6 9. Bd3 Nd7 10. O-O dxc4 11. Bxc4 {LiveBook: 593 Games} {Predecessor:} e5 $146 12. Bb3 exd4 13. exd4 Re8 14. h3 Nb6 15. Re1 Bf5 16. g4 Bg6 17. Rxe8+ Qxe8 18. Qd2 Qd7 19. Qf4 Re8 20. Rd1 Qc8 21. Ne5 Bxe5 22. dxe5 Rd8 23. Rd4 Qc7 {1-0 (43) Radjabov,T (2751)-Sargissian,G (2691) Batumi 2018} 1/2-1/2

[Event "NOR-chT Eliteserien 2018-19"]
[Site "Norway"]
[Date "2019.01.13"]
[Round "6"]
[White "Notkevich, Benjamin Arvola"]
[Black "Blomqvist, Erik"]
[Result "1/2-1/2"]
[WhiteElo "2495"]
[BlackElo "2491"]
[Annotator "TA"]
[PlyCount "64"]
[EventDate "2018.11.02"]
[EventType "team-tourn"]
[EventCountry "NOR"]
[SourceTitle "playchess.com"]
[Source "ChessBase"]
[SourceQuality "1"]

{[%evp 17,64,18,18,18,12,14,27,9,17,18,28,26,37,-8,0,0,9,0,0,0,2,2,6,0,10,10,11,11,15,15,15,9,14,12,12,2,2,2,2,0,0,0,0,0,0,0,0,0,0]} 1. d4 Nf6 2. c4 e6 3. g3 Bb4+ 4. Bd2 Bxd2+ 5. Qxd2 d5 6. Nf3 Nbd7 7. Bg2 c6 8. Qc2 O-O 9. O-O b6 {LiveBook: 59 Games. E11: Bogo-Indian} 10. Rc1 $146 ({Predecessor:} 10. Nbd2 Bb7 11. e4 Nxe4 12. Nxe4 dxe4 13. Qxe4 Rb8 14. Rad1 Qc7 15. Qc2 c5 16. d5 exd5 17. cxd5 Rbd8 18. d6 {0-1 (31) Perez Ponsa,F (2594)-Flores,D (2574) Villa Martelli 2017}) 10... Bb7 11. cxd5 cxd5 12. a4 Qb8 13. a5 Rc8 14. Nc3 bxa5 15. Nd2 Bc6 {The position is equal.} 16. Nb3 Qb4 17. Nxa5 Qxd4 {[#]} 18. e4 $1 {[%mdl 512] Threatens to win with Ne2.} Ne5 {[%cal Rd5e4]} ({Don't go for} 18... dxe4 $2 19. Ne2 $18) 19. Nxc6 Nxc6 20. Nb5 Qb4 {[#]} 21. Nxa7 $1 {[%mdl 512]} Nxa7 (21... Rxa7 22. Rxa7) 22. Rxa7 Qf8 (22... Re8 {seems wilder.} 23. Rxa8 Rxa8 24. exd5 Nxd5 25. Bxd5 exd5 26. Qc8+ Qf8) 23. Rxa8 Rxa8 24. exd5 Nxd5 25. Bxd5 exd5 $11 {[%mdl 4096] Endgame KQR-KQR} 26. Qc5 Rb8 27. Qd4 h6 28. Rc7 Qe8 29. Qxd5 Rxb2 {( -> ...Qe1+)} 30. Kg2 Re2 31. Qf3 Re7 32. Rxe7 Qxe7 {Accuracy: White = 70%, Black = 60%.} 1/2-1/2

[Event "NOR-chT Eliteserien 2018-19"]
[Site "Norway"]
[Date "2019.01.13"]
[Round "6"]
[White "Salomon, Johan"]
[Black "Vestby-Ellingsen, Mads"]
[Result "1-0"]
[WhiteElo "2494"]
[BlackElo "2358"]
[Annotator "TA"]
[PlyCount "197"]
[EventDate "2018.11.02"]
[EventType "team-tourn"]
[EventCountry "NOR"]
[SourceTitle "playchess.com"]
[Source "ChessBase"]
[SourceQuality "1"]

{[%evp 19,197,0,15,6,15,6,9,10,21,-8,10,3,26,-27,-27,-33,-32,-25,-11,-54,-18,-18,-27,-41,-39,-58,-43,-68,-41,-93,-45,-45,-41,-74,-52,-55,-40,-54,-43,-131,-135,-137,-127,-115,-100,-95,-91,-95,-89,-128,-130,-130,-122,-131,-130,-134,-127,-129,-127,-118,-58,-43,-7,-7,0,0,0,0,0,0,0,0,0,0,0,0,0,0,0,0,8,8,18,17,14,8,46,37,86,18,143,135,137,130,279,279,270,247,207,195,188,188,131,132,177,84,84,84,84,47,73,37,52,45,53,45,52,41,26,26,26,0,49,0,25,11,11,11,11,0,0,0,0,0,0,0,11,11,11,11,11,11,11,11,11,0,8,8,8,8,8,0,126,126,131,131,591,131,5097,6264,6095,4986,5793,5509,6625,4134,29961,5114,29970,29977,29977,29978,29972,11805,29979,29980,29985,29986,29986,400]} 1. Nf3 c5 2. e4 e6 3. g3 Nc6 4. Bg2 Nf6 5. Qe2 e5 6. O-O {B40: Sicilian: 2...e6, Unusual lines} Be7 7. d3 h6 8. Na3 d6 9. c3 O-O 10. Nc4 Re8 {LiveBook: 9 Games} 11. Ne3 Bf8 12. Nd2 $146 ({Predecessor:} 12. Nh4 g6 {0-1 (40) Naiditsch,A (2706)-Hansen,E (2587) Reykjavik 2014}) 12... b5 13. a4 b4 14. f4 Ba6 15. f5 Rb8 16. g4 ({Better is} 16. Ndc4) 16... bxc3 $11 17. bxc3 Na5 18. c4 Nc6 19. Nc2 Nh7 20. Nf3 Be7 {[%cal Bf8e7,Be7f6,Bf6h4,Bh4g3,Bg3f4][%mdl 32]} 21. Be3 Ng5 22. Nce1 Rb3 23. Qc2 Rb4 24. Bd2 ({White should play} 24. Qd2 $15) 24... Rb8 25. a5 Bf6 26. Rf2 Qe7 27. Bf1 Rb7 28. Qc1 Reb8 29. h4 (29. Bxg5 $15 Bxg5 30. Nxg5 Qxg5 31. Qxg5 hxg5 32. Rfa2) 29... Nxf3+ $17 {[%mdl 64] Discovered Attack} 30. Nxf3 {Strongly threatening g5.} Bxh4 31. Rh2 Bg3 32. Rg2 {[#]} Bf4 $1 {[%mdl 512]} 33. Bxf4 exf4 34. g5 hxg5 35. Nxg5 Qf6 {aiming for ...Ne5.} 36. Raa2 Qd4+ 37. Rgf2 Qe3 38. Qxe3 fxe3 39. Rfe2 Nd4 (39... Rb3 $17 40. Rxe3 Bxc4 $1 {[%mdl 512]}) 40. Rxe3 $15 f6 (40... Nc6 {with more complications.} 41. Nf3 Rb1 42. Rg2 Bc8 43. Nd2 Rd1) 41. Nf3 Rb2 (41... Rb1 {with more complications.} 42. Nxd4 cxd4 43. Rg3 Kf7 44. Rag2 Rg8) 42. Rxb2 Rxb2 43. Nxd4 cxd4 $11 {[%mdl 4096] Endgame KRB-KRB} 44. Re1 Rb3 45. Be2 Kf7 46. Kf2 Bc8 47. Rh1 {next Rh8 is good for White.} Kg8 48. Rc1 Ba6 49. Ke1 Kf8 50. Kd2 Rb2+ 51. Rc2 Rb1 52. Ra2 Rb4 53. Kc2 Ke7 54. Bd1 (54. Rb2 $1 $16 {[%cal Rb2b4]} Rxb2+ 55. Kxb2) 54... Kd7 (54... Bc8 $11 {remains equal.}) 55. Kc1 $1 $16 Rb7 56. Ba4+ Kc8 (56... Ke7 $16) 57. Rh2 $1 $18 Re7 58. Rh8+ Kc7 59. Ra8 Bb7 60. Rg8 Bc6 61. Bb5 Kb7 62. a6+ (62. Kb2 $18) 62... Kb6 63. Bxc6 Kxc6 $16 {KR-KR} 64. Rb8 Kc7 65. Rb7+ (65. Rb5 {is interesting.} Kc6 66. Kd2 g5 67. fxg6 Rg7 68. Rd5) 65... Kd8 66. Rb5 Rc7 67. Kc2 Rc6 68. Rb8+ Rc8 69. Rb1 Rc6 70. Rb8+ Rc8 71. Rb1 Rc6 72. Rg1 Rxa6 73. Rxg7 Ra2+ 74. Kd1 Ra3 75. Kd2 Ra2+ 76. Kc1 Ra3 77. Kc2 Ra2+ 78. Kb3 Rd2 79. c5 Rxd3+ 80. Kc4 Rc3+ $1 81. Kxd4 Rxc5 82. Rf7 Ra5 83. Rxf6 Ke7 $1 84. Re6+ Kd7 85. Rh6 Ra4+ (85... Ra3 $11) 86. Ke3 Ke7 87. Rh7+ Ke8 $2 {[%mdl 8192] [#]} (87... Kf6 $16 {is tougher.}) 88. Rb7 $2 (88. f6 $1 $18 {is the precise move to win. Threatens to win with Re7+.} d5 89. exd5) 88... Kd8 $2 {[%mdl 8192] [#]} (88... Ra1 $16 89. Kd4 Rd1+ 90. Kc4 a5) 89. f6 $1 $18 {[%cal Rf6f7] f7 would kill now.} Ke8 90. Re7+ Kf8 91. Rd7 Ra6 92. Kf4 Ke8 93. Re7+ Kf8 94. Kf5 Ra5+ 95. Kg6 Ra1 96. Rd7 {[%cal Rd7d8]} Rg1+ 97. Kf5 {White mates.} Rd1 98. Ke6 {[%cal Rd7d8]} Kg8 99. Rd8+ {Accuracy: White = 56%, Black = 43%.} 1-0

[Event "NOR-chT Eliteserien 2018-19"]
[Site "Norway"]
[Date "2019.01.13"]
[Round "6"]
[White "Lie, Espen"]
[Black "Grandelius, Nils"]
[Result "1/2-1/2"]
[WhiteElo "2492"]
[BlackElo "2682"]
[Annotator "TA"]
[PlyCount "50"]
[EventDate "2018.11.02"]
[EventType "team-tourn"]
[EventCountry "NOR"]
[SourceTitle "playchess.com"]
[Source "ChessBase"]
[SourceQuality "1"]

{[%evp 19,50,8,0,7,16,0,0,0,0,-14,-20,-11,-18,-20,-17,-15,0,0,0,0,0,-41,22,30,25,14,33,25,67,66,63,80,43]} 1. Nf3 d5 2. b3 Bg4 3. Bb2 Bxf3 4. exf3 Nf6 (4... e6 5. g3 Nf6 6. Bg2 Be7 7. O-O O-O 8. d3 c6 9. Nd2 Nbd7 10. f4 a5 11. a3 Ne8 12. Nf3 Rc8 {1-0 (66) Nakamura,H (2763)-Vidit,S (2711) chess.com INT 2018}) 5. g3 g6 6. Bg2 {A06: Réti Opening:1 Nf3 d5} Bg7 7. O-O O-O 8. f4 c5 9. d3 Nc6 10. Nd2 e6 {LiveBook: 3 Games} 11. c4 $146 ({Predecessor:} 11. Nf3 Nd7 12. Bxg7 Kxg7 {1-0 (48) Yermolinsky,A (2478)-Atalik,S (2550) Tekirdag 2016}) 11... Ne8 12. Bxg7 Nxg7 13. cxd5 exd5 14. Qf3 Qa5 15. Qd1 Rad8 16. Bh3 $1 Nd4 17. Nf3 Nxf3+ 18. Qxf3 Rfe8 19. d4 c4 20. Rfc1 b5 (20... Qa3 $1 $15) 21. a4 $1 $11 Qb4 22. Rab1 cxb3 23. Qxb3 Qxd4 24. Qxb5 Nh5 25. Rd1 Qc3 {Accuracy: White = 73%, Black = 60%.} 1/2-1/2